000 00846nam a2200265 i 4500
001 77649
003 ES-MaACL
005 20230906173324.0
007 t|
008 041028s2000 sp ||||1| spa d
020 _a84-8026-147-1
080 _a73 Tàpies, Antoni (064.3)
080 _a74 Tàpies, Antoni (064.3)
080 _a75 Tàpies, Antoni (064.3)
100 1 _aTàpies, Antoni.
_9109252
245 1 0 _aTàpies
_b: Museo Nacional Centro de Arte Reina Sofía, 7 marzo - 8 mayo.
260 _a[Madrid] :
_bCARS :
_bAldeasa,
_c[2000]
300 _a348 p. :
_bil. ;
_c32 cm.
500 _aTexto en español e inglés.
600 1 4 _aTàpies, Antoni-
_vExposiciones.
_9109253
655 7 _2tgfbne
_9193628
_aCatálogos de exposiciones
852 _aES-MaACL
_jL-28372
_bR.134402
942 _2udc
999 _c77649
_d77649